000 00558nam a2200181Ia 4500
003 GCL
008 140319s9999 xx 000 0 ara d
040 _aGCL /
_cGCL
082 0 4 _a020
_bم ت
100 1 _aمحمد محمود عفيفى
245 1 0 _aالتطورات الحديثة فى تكنولوجيا المعلومات /
_cمحمد محمود عفيفى
300 _a99 ص
490 _aكتاب
_v0
650 0 4 _aشبكات المعلومات
650 0 4 _aالمكتبات، علم
650 0 4 _aالمعلومات، علم
942 _2ddc
_cBK
999 _c41313
_d41313